Tereza Kostková

Uloženo v:
Médium: Kniha
Jazyk:Czech
Celkem bylo vypůjčeno:0x
Tagy:
Žádné tagy
LEADER 00585nam a22001937i 4500
001 106354
008 151013p2015 xr ||||| |||| 00| 0 cze d
020 |a 978807448692 
040 |e rda 
245 |a Tereza Kostková 
264 |c 2026 
300 |a 238 stran 
336 |a text  |b txt  |2 rdacontent 
337 |a bez média  |b n  |2 rdamedia 
338 |a svazek  |b nc  |2 rdacarrier 
910 |a UOG502 
942 |2 ddc  |c KN 
999 |d 106354 
993 |0 0  |1 421180107075  |2 ddc  |4 0  |6 929_000000000000000  |7 0  |9 99737  |b 0  |c 107075  |d 2026-05-14  |e 0  |f DOSP  |g 929  |h 399.00  |i Koupě  |l DOSP  |r 2026-05-14  |t 5  |w 2026-05-14  |y KN  |z NAUCNA  |n